Sports Quiz

Random Sports or NFL Quiz

Names of NFL Starting Quarterbacks Week 1 2014 Quiz Stats

Quiz not verified by Sporcle

Challenge
Share
Tweet
Embed
Score 0/32 Timer 05:00
0 Plays Today
Hint Answer % Correct
New England PatriotsTom Brady
98.8%
Washington RedskinsRobert Griffin III
97.6%
San Francisco 49ersColin Kaepernick
97.6%
Denver BroncosPeyton Manning
97.6%
New York GiantsEli Manning
97.6%
Green Bay PackersAaron Rodgers
96.5%
New Orleans SaintsDrew Brees
96.5%
Pittsburgh SteelersBen Roethlisberger
96.5%
New York JetsGeno Smith
96.5%
Cincinnati BengalsAndy Dalton
96.5%
Baltimore RavensJoe Flacco
96.5%
Kansas City ChiefsAlex Smith
96.5%
Indianapolis ColtsAndrew Luck
96.5%
San Diego ChargersPhillip Rivers
96.5%
Seattle SeahawksRussel Wilson
95.3%
Atlanta FalconsMatt Ryan
95.3%
Hint Answer % Correct
Philadelphia EaglesNick Foles
95.3%
Dallas CowboysTony Romo
95.3%
Miami DolphinsRyan Tannehill
94.1%
Detroit LionsMatthew Stafford
94.1%
Chicago BearsJay Cutler
92.9%
Tennessee TitansJake Locker
92.9%
Buffalo BillsEJ Manuel
91.8%
Arizona CardinalsCarson Palmer
91.8%
Cleveland BrownsBrian Hoyer
90.6%
Oakland RaidersDerek Carr
90.6%
Houston TexansRyan Fitzpatrick
90.6%
Jacksonville JaguarsChad Henne
84.7%
Tampa Bay BuccaneersJosh McCown
84.7%
Minnesota VikingsMatt Cassel
78.8%
St,Louis RamsAustin Davis
75.3%
Carolina PanthersDerek Anderson
64.7%

You're not logged in!

Compare scores with friends on all Sporcle quizzes.
Join for Free
OR
Log In

You Might Also Like...

Show Comments

Extras

Created Oct 8, 2014ReportNominate
Tags:NFL Quiz, 2014, starting, week

Top Quizzes Today


Score Distribution

Your Account Isn't Verified!

In order to create a playlist on Sporcle, you need to verify the email address you used during registration. Go to your Sporcle Settings to finish the process.

Report this User

Report this user for behavior that violates our Community Guidelines.

Details: